00477 a2200169 450000100060000002000180000604000240002410000330004824000270008124500220010830000090013036200090013965000310014894200070017995201040018699900170029070498 a9788589598514 cAnchieta - Itaigara aGuimarães, Beatriz Ribeiro10aO gigante da ilhalpor10aO gigante da ilha a36p.0 a2013 4aLiteratura infanto-juvenil cBK 00104070a88.1b88.1d2023-11-21l0o028.5 GUI GIGp3976/ITAr2023-11-21 20:05:32w2023-11-21yBK c70498d70498